Famous Threesomes Quiz Stats

 Plays Quiz Updated Jul 3, 2012

     
Support Sporcle.
Go Orange.
Score 0/84 Timer 10:00
0 Plays Today
Threesome Category Element % Correct
Parts of a BLTBacon
92.7%
Subtractive Primary ColorsRed
92.6%
Parts of a BLTTomato
92.5%
Subtractive Primary ColorsBlue
92.5%
Holy TrinitySon
92.3%
Parts of a BLTLettuce
92.1%
Holy TrinityFather
92%
Subtractive Primary ColorsYellow
92%
Holy TrinityHoly Spirit
91.6%
CSI CitiesMiami
91.2%
Big Three US AutomakersFord
90.5%
Singing ChipmunksAlvin
90.4%
CSI CitiesNew York
90.1%
TriathlonRunning
88.6%
TriathlonSwimming
88.5%
Little Pig House MaterialsBrick
87.7%
TriathlonCycling
87.6%
Rice KrispiesPop
87.3%
Rice KrispiesSnap
86.9%
Rice KrispiesCrackle
86.7%
Ghosts from A Christmas CarolGhost of Christmas Past
85.1%
Ghosts from A Christmas CarolGhost of Christmas Future
84.6%
Ghosts from A Christmas CarolGhost of Christmas Present
84.5%
Little Pig House MaterialsSticks
84.3%
Nations of Great BritainEngland
83.2%
Little Pig House MaterialsStraw
82.3%
Branches of the US GovernmentLegislative
81.1%
Branches of the US GovernmentJudicial
80.6%
Threesome Category Element % Correct
Nations of Great BritainScotland
78.8%
Big Three US AutomakersGeneral Motors
78.8%
Branches of the US GovernmentExecutive
77.9%
Three BearsBaby Bear
77.2%
Three BearsPapa Bear
77.1%
Columbus's ShipsSanta María
77%
Three BearsMama Bear
76.6%
Nations of Great BritainWales
75.6%
The Three StoogesMoe
73.1%
Columbus's ShipsPinta
72.5%
Singing ChipmunksTheodore
72.4%
The Three StoogesCurly
72.1%
CSI CitiesLas Vegas
69.9%
Columbus's ShipsNiña
69.6%
The Three StoogesLarry
68.7%
Lord of the Rings BooksThe Two Towers
67.8%
Gifts of the MagiGold
66.2%
Singing ChipmunksSimon
64.4%
Members of NirvanaKurt Cobain
64.3%
Lord of the Rings BooksThe Fellowship of the Ring
64.1%
Members of The PoliceSting
63.4%
Lord of the Rings BooksThe Return of the King
63.3%
Donald Duck's NephewsHuey
60.1%
Freudian PsycheEgo
59.1%
Freudian PsycheId
58.6%
Big Three US AutomakersChrysler
57.2%
Donald Duck's NephewsLouie
56.9%
Donald Duck's NephewsDewey
56.9%
Threesome Category Element % Correct
Gifts of the MagiFrankincense
54.1%
Freudian PsycheSuper-Ego
51.8%
Gifts of the MagiMyrrh
47.6%
Forms of Heat TransferConvection
42%
Three TenorsLuciano Pavarotti
40.2%
Forms of Heat TransferConduction
39.7%
Members of NirvanaDave Grohl
37%
Three's CompanyChristmas 'Chrissy' Snow
34.7%
Three's CompanyJack Tripper
33.4%
Forms of Heat TransferRadiation
33.1%
The Three MusketeersPorthos
32.7%
The Three MusketeersAthos
30.4%
Types of MuscleSmooth
28.4%
The Three MusketeersAramis
27.3%
Types of MuscleSkeletal
25.1%
Three TenorsPlacido Domingo
25%
Types of MuscleCardiac
24.5%
Three's CompanyJanet Wood
24.1%
Triple Crown Races (US)Kentucky Derby
24.1%
Triple Crown Races (US)Preakness Stakes
20.8%
Triple Crown Races (US)Belmont Stakes
18.8%
Members of The PoliceStewart Copeland
14.4%
Three TenorsJose Carreras
14.3%
Members of NirvanaKrist Novoselic
12.9%
Members of The PoliceAndy Summers
12.7%
Objects in Catholic ExcommunicationsCandle
11.7%
Objects in Catholic ExcommunicationsBook
10.5%
Objects in Catholic ExcommunicationsBell
9.3%

From the Vault

Festive Words on Broadway!

by Purple_Parrot

Holiday 4m
As if Broadway could get any more festive.
Remove Ads.
Support Sporcle.
Get the best of Sporcle when you Go Orange. This ad-free experience offers more features, more stats, and more fun while also helping to support Sporcle. Thank you for becoming a member.

Show Comments

Extras

Top Quizzes Today


Score Distribution

Your Account Isn't Verified!

In order to create a playlist on Sporcle, you need to verify the email address you used during registration. Go to your Sporcle Settings to finish the process.

Report this User

Report this user for behavior that violates our Community Guidelines.

Details: